Pakistan's security problems and challenges in the next decade (Record no. 354187)
[ view plain ]
| 000 -LEADER | |
|---|---|
| fixed length control field | 00616nam a22001457a 4500 |
| 020 ## - INTERNATIONAL STANDARD BOOK NUMBER | |
| International Standard Book Number | 9789698535339 |
| 082 ## - DEWEY DECIMAL CLASSIFICATION NUMBER | |
| Classification number | 355.033000 |
| 100 ## - MAIN ENTRY--PERSONAL NAME | |
| Personal name | Salma Malik (Ed) |
| 245 ## - TITLE STATEMENT | |
| Title | Pakistan's security problems and challenges in the next decade |
| 260 ## - PUBLICATION, DISTRIBUTION, ETC. | |
| Place of publication, distribution, etc. | Islamabad |
| Name of publisher, distributor, etc. | NUST publishing |
| Date of publication, distribution, etc. | 2015 |
| 300 ## - PHYSICAL DESCRIPTION | |
| Extent | 309p |
| 942 ## - ADDED ENTRY ELEMENTS (KOHA) | |
| Koha item type | Book |
| Withdrawn status | Lost status | Source of classification or shelving scheme | Damaged status | Not for loan | Permanent Location | Current Location | Date acquired | Source of acquisition | Full call number | Barcode | Date last seen | Copy number | Price effective from | Koha item type |
|---|---|---|---|---|---|---|---|---|---|---|---|---|---|---|
| School of Art Design and Architecture (SADA) | School of Art Design and Architecture (SADA) | 05/11/2016 | Donation | 355.0395491 PAK 2015 | SADAD0000126 | 01/05/2017 | 01 | 01/05/2017 | Book | |||||
| School of Art Design and Architecture (SADA) | School of Art Design and Architecture (SADA) | 05/11/2016 | Donation | 355.0395491 PAK 2015 | SADAD0000127 | 01/05/2017 | 02 | 01/05/2017 | Book |
